000 00622nam a2200241Ia 4500
005 20250425161914.0
008 250425s9999 xx 000 0 und d
020 _a0130135380
041 _aeng
082 _a338.5024
100 _aKEAT, PAUL G.
245 0 _aMANAGERIAL ECONOMICS: ECONOMIC TOOLS FOR TODAY' S DECISION MAKERS
250 _a3RD ED.
260 _aEstados Unidos
_bPRENTICE HALL
_c2000
260 _aS.L.
300 _a634
650 _aDECISIONES
650 _aDIRECCION Y ADMINISTRACION
650 _aECONOMIA ADMINISTRATIVA
710 _aPRENTICE-HALL
942 _c01
010 _a34434
999 _c218543
_d218543